Countries Closest to Estonia - Statistics

General Stats
  • This quiz has been taken 214 times
  • The average score is 19 of 20
Answer Stats
Distance (km) Country % Correct
0 Russia
100%
80 Finland
99%
1,243 Germany
99%
0 Latvia
99%
831 Poland
99%
388 Lithuania
98%
956 Norway
98%
400 Sweden
98%
574 Belarus
97%
1,207 Ukraine
96%
1,415 Austria
94%
965 Denmark
94%
1,156 Czech Republic
93%
1,158 Slovakia
92%
1,408 Romania
89%
1,324 Hungary
88%
1,595 Belgium
87%
1,435 Netherlands
85%
1,264 Moldova
84%
1,643 Croatia
68%
No matching quizzes found
Score Distribution
Percent of People with Each Score
Percentile by Number Answered
Your Score History
You have not taken this quiz